Statistiques concernant Cinq plus petits pays par continent

Cliquez ici pour prendre le quiz!

Statistiques générales

  • Ce quiz a été pris 14 806 fois
  • Le résultat moyen est 22 sur 30

Statistiques - réponses

Continentkm2Pays% Correct
L'Europe0,44Vatican
96%
L'Europe2,02Monaco
95%
L'Europe61Saint-Marin
92%
L'Europe160Liechtenstein
90%
Amérique du Sud214 969Guyana
82%
Amérique du Sud163 820Suriname
81%
Amérique du Sud176 215Uruguay
80%
Amérique du Sud406 752Paraguay
79%
Afrique4 033Cap-Vert
76%
Amérique du Sud276 841Équateur
76%
L'Europe316Malte
75%
Afrique452Seychelles
74%
Asie716Singapour
72%
Afrique1 862Comores
71%
Afrique2 040Île Maurice
71%
Amérique du Nord389Saint-Vincent-et-les-Grenadines
70%
Afrique964Sao Tomé-et-Principe
70%
Asie5 765Brunei
69%
Océanie21Nauru
68%
Amérique du Nord261Saint-Christophe- et-Niévès
68%
Océanie26Tuvalu
68%
Amérique du Nord430Barbade
65%
Amérique du Nord344Grenade
64%
Océanie181Îles Marshall
64%
Asie765Bahreïn
63%
Océanie702Micronésie
63%
Amérique du Nord442Antigua-et-Barbuda
61%
Océanie459Palaos
61%
Asie300Maldives
57%
Asie9 251Chypre
48%

Distribution des résultats

Percentile par nombre de réponses

% des personnes avec chaque résultat

Votre développement - résultats

Vous n’avez pas pris ce quiz